| 000 | 01457nam a2200313Ia 4500 | ||
|---|---|---|---|
| 003 | OSt | ||
| 005 | 20201027134512.0 | ||
| 008 | 191128s2003 ck ad| gr 000 0 spa d | ||
| 020 | _a9580474419 | ||
| 040 |
_aCO-JMCR _cCO-JMCR |
||
| 041 | 0 | _aspa | |
| 082 | 0 | 4 |
_a658.403 / _bV242d _223 |
| 100 | 1 |
_aVélez Pareja, Ignacio, _eautor _912045 |
|
| 245 | 1 | 0 |
_aDecisiones empresariales bajo riesgo e incertidumbre / _bIgnacio Vélez Pareja |
| 260 |
_aBogotá : _bNorma, _c2003. |
||
| 300 |
_axv, 448 páginas : _bdiagramas y gráficos a blanco y negro ; _c23 cm. |
||
| 500 | _aIncluye datos biográficos del autor en solapa. | ||
| 504 | _aBibliografía: páginas [439-448] | ||
| 505 | 0 | _aProceso de decisión -- Decisiones bajo certeza: el valor del dinero en el tiempo -- Decisiones bajo incertidumbre -- Una aproximación a los métodos de pronóstico -- Actitudes hacia el riesgo -- Análisis de sensibilidad | |
| 520 | 0 | _aEste ibro tiene como objeto ayudar al gerente a tomar decisiones bajo riesgo e incertidumbre. Todo el libro es útil para este propósito, pero se destaca la inclusión de herramientas tales como el método Delphi | |
| 650 | 2 | 4 |
_aToma de decisiones _9283 |
| 650 | 2 | 4 |
_aRiesgo financiero _911357 |
| 650 | 2 | 4 |
_aTeoría de los juegos _94477 |
| 650 | 2 | 4 |
_aMétodo Montecarlo _912046 |
| 650 | 2 | 4 |
_aMétodo délphi _912047 |
| 650 | 2 | 4 |
_aModelo de valoración _912048 |
| 650 | 2 | 4 |
_aValoración de inversiones _912049 |
| 942 |
_2ddc _cBK |
||
| 999 |
_c6113 _d6113 |
||